El espíritu de la ortodoxia griega y rusa / (Record no. 90535)

MARC details
000 -LEADER
campo de control de longitud fija 00908nam a2200229 i 4500
001 - NÚMERO DE CONTROL
campo de control 90535
003 - IDENTIFICADOR DE NÚMERO DE CONTROL
campo de control ES-MaACL
005 - FECHA Y HORA DE LA ÚLTIMA TRANSACCIÓN
campo de control 20250901062532.0
007 - CAMPO FIJO DE DESCRIPCIÓN FÍSICA--INFORMACIÓN GENERAL
campo de control de longitud fija t|
008 - DATOS DE LONGITUD FIJA--INFORMACIÓN GENERAL
campo de control de longitud fija 050121s1963 an ||||1| spa d
100 1# - ENTRADA PRINCIPAL--NOMBRE DE PERSONA
Nombre de persona Le Guillou, Marie-Joseph,
Fechas asociadas al nombre 1920-1990
9 (RLIN) 70888
245 13 - MENCIÓN DEL TÍTULO
Título El espíritu de la ortodoxia griega y rusa /
Mención de responsabilidad, etc. M. J. Le Guillou ; [versión española de Francisco Martinell].
260 ## - PUBLICACIÓN, DISTRIBUCIÓN, ETC.
Lugar de publicación, distribución, etc. Andorra :
Nombre del editor, distribuidor, etc. Casal i Vall,
Fecha de publicación, distribución, etc. [1963]
300 ## - DESCRIPCIÓN FÍSICA
Extensión 145 p. ;
Dimensiones 20 cm.
490 1# - MENCIÓN DE SERIE
Mención de serie Yo sé, yo creo : enciclopedia del católico en el siglo XX
610 24 - PUNTO DE ACCESO ADICIONAL DE MATERIA--NOMBRE DE ENTIDAD CORPORATIVA
Nombre de entidad corporativa o nombre de jurisdicción como elemento de entrada Iglesia Ortodoxa-
Subdivisión general Relaciones-
-- Iglesia Católica.
9 (RLIN) 160726
610 24 - PUNTO DE ACCESO ADICIONAL DE MATERIA--NOMBRE DE ENTIDAD CORPORATIVA
Nombre de entidad corporativa o nombre de jurisdicción como elemento de entrada Iglesia Católica-
Subdivisión general Relaciones-
-- Iglesia Ortodoxa.
9 (RLIN) 160725
700 1# - ENTRADA AGREGADA--NOMBRE PERSONAL
Nombre de persona Martinell Gifre, Francisco.
9 (RLIN) 171824
830 00 - PUNTO DE ACCESO ADICIONAL DE SERIE-TÍTULO UNIFORME
Título uniforme Yo sé, yo creo: enciclopedia del católico del siglo XX
9 (RLIN) 186579
852 ## - LOCALIZACIÓN
Ubicación ES-MaACL
Número de control de estantería C-23708
Sublocalización o colección R.52283
Holdings
Estatus retirado Estado de pérdida Estado de daño No para préstamo Biblioteca de origen Biblioteca actual Ubicación en estantería Fecha de adquisición Fuente de adquisición Total de préstamos Signatura topográfica completa Código de barras Visto por última vez Precio de reemplazo Tipo de ítem Koha
        Biblioteca del Ateneo de Madrid Biblioteca del Ateneo de Madrid Depósito 2 17/01/2008     C-23708 1094538 23/02/2023 23/02/2023 Libro impreso